"Бессмертный полк" — реализация посредством ритуала гениального проекта актуализации и трансляции социальной памяти; Молодой ученый; № 11 (91)
| Parent link: | Молодой ученый: ежемесячный научный журнал.— , 2008- № 11 (91).— 2015.— [С. 1862-865] |
|---|---|
| 1. autor: | |
| Korporacja: | |
| Streszczenie: | Заглавие с экрана Модернизация ритуалов с целью актуализации социальной памяти представляет собой востребованную тему исследования. Возникновение новых и преобразование старых ритуалов, а особенно ритуалов памяти, позволяет обществу не только сохранять свои ценности, но и передавать их последующим поколениям. Данная статья представляет собой попытку рассмотреть ритуал и социальную память через призму таких понятий как гениальность, одаренность и посредственность. В качестве примера обновленного ритуала с целью трансляции социальной памяти от одного поколения к другому приводится акция «Бессмертный полк». |
| Język: | rosyjski |
| Wydane: |
2015
|
| Seria: | Философия |
| Hasła przedmiotowe: | |
| Dostęp online: | http://www.moluch.ru/archive/91/19422/ |
| Format: | Elektroniczne Rozdział |
| KOHA link: | https://koha.lib.tpu.ru/cgi-bin/koha/opac-detail.pl?biblionumber=643206 |
MARC
| LEADER | 00000nla0a2200000 4500 | ||
|---|---|---|---|
| 001 | 643206 | ||
| 005 | 20250213163602.0 | ||
| 035 | |a (RuTPU)RU\TPU\network\8194 | ||
| 090 | |a 643206 | ||
| 100 | |a 20150902d2015 k||y0rusy50 ca | ||
| 101 | 0 | |a rus | |
| 102 | |a RU | ||
| 135 | |a drcn ---uucaa | ||
| 181 | 0 | |a i | |
| 182 | 0 | |a b | |
| 200 | 1 | |a "Бессмертный полк" — реализация посредством ритуала гениального проекта актуализации и трансляции социальной памяти |f А. Н. Уткина | |
| 203 | |a Текст |c электронный | ||
| 225 | 1 | |a Философия | |
| 300 | |a Заглавие с экрана | ||
| 320 | |a [Библиогр.: с. 1865 (13 назв.)] | ||
| 330 | |a Модернизация ритуалов с целью актуализации социальной памяти представляет собой востребованную тему исследования. Возникновение новых и преобразование старых ритуалов, а особенно ритуалов памяти, позволяет обществу не только сохранять свои ценности, но и передавать их последующим поколениям. Данная статья представляет собой попытку рассмотреть ритуал и социальную память через призму таких понятий как гениальность, одаренность и посредственность. В качестве примера обновленного ритуала с целью трансляции социальной памяти от одного поколения к другому приводится акция «Бессмертный полк». | ||
| 461 | |t Молодой ученый |o ежемесячный научный журнал |d 2008- | ||
| 463 | |t № 11 (91) |v [С. 1862-865] |d 2015 | ||
| 610 | 1 | |a электронный ресурс | |
| 610 | 1 | |a труды учёных ТПУ | |
| 610 | 1 | |a ритуалы | |
| 610 | 1 | |a социальная память | |
| 700 | 1 | |a Уткина |b А. Н. |c лингвист |c доцент Томского политехнического университета, кандидат философских наук |f 1968- |g Анна Николаевна |3 (RuTPU)RU\TPU\pers\30308 |9 14654 | |
| 712 | 0 | 2 | |a Национальный исследовательский Томский политехнический университет (ТПУ) |b Институт природных ресурсов (ИПР) |b Кафедра иностранных языков (ИЯПР) |3 (RuTPU)RU\TPU\col\18662 |
| 801 | 2 | |a RU |b 63413507 |c 20150902 |g RCR | |
| 856 | 4 | 0 | |u http://www.moluch.ru/archive/91/19422/ |
| 942 | |c CF | ||